Представление документа в формате RUSMARC

ПолеНазваниеЗначение
  Тип записи a
  Библиографический уровень a
001 Контрольный номер RU/CBS_UL/BASE/76bc65b718d845daa1e49091fc536109
005 Дата корректировки 20260409155814.6
100 Данные общей обработки __
a Данные общей обработки 20260409 ||| 0rusy0189 ca
101 Язык документа 0_
a Язык текста rus
102 Страна публикации __
a Страна публикации RU
200 Заглавие и сведения об ответственности 1_
a Заглавие Жизнь человеческая - короткая штука
e Сведения, относящиеся к заглавию [накануне своего 90-летия народный художник размышлял о времени и о себе]
f Первые сведения об ответственности А. Егуткин
g Последующие сведения об ответственности подгот. И. Антонова
300 Общие примечания __
a Общие примечания 16+
461 Уровень набора _0
1 2000
a Народная газета
463 Уровень физической единицы _0
1 2000
a № 14 (8 апр.)
v С. 24
1 2101
d 2026
1 001RU/CBS_UL/BASE/861e5c398e864bd5b7f5862f1e3a68fe
600 Персоналии _1
a Персоналии (Фамилия) Егуткин
b Персоналии (Имя, инициалы) А.Е.
606 Тематические рубрики 0_
a Основная рубрика Егуткин, Аркадий Ефимович (1936)
610 Ключевые слова 0_
a Ключевые слова российские художники; российские живописцы; художники; живописцы; юбилеи художников; интервью; народные художники РФ; советские художники; народные художники Российской Федерации
686 Индексы других классификаций __
a Классификационный индекс 85.143(2)
700 Автор _1
a Фамилия Егуткин
b Имя (инициалы) А.
801 Источник записи _0
a Страна RU
b Организация МБУК ЦБС г. Ульяновска
c Дата составления 20260409
g Правила каталогизации RCR
801 Источник записи _1
a Страна RU
b Организация МБУК ЦБС г. Ульяновска
c Дата составления 20260409
g Правила каталогизации RCR
901 Тип документа __
t Тип документа f
w Контрольный № источника RU/CBS_UL/BASE/861e5c398e864bd5b7f5862f1e3a68fe
909 Создатель записи __
a Создатель записи mbo